Theories of explanation /

Bibliographic Details
Other Authors: Pitt, Joseph C.
Format: Book
Language:English
Published: New York : Oxford University Press, 1988.
Subjects:

MARC

Tag First Indicator Second Indicator Subfields
LEADER 00000cam a22000008a 4500
001 in00000019564
005 20151007053645.0
008 870331s1988 nyua b 00000 eng
010 |a  87007978  
020 |a 0195049705 (alk. paper) :  |c $29.95 
020 |a 0195049713 (pbk. : alk. paper) :  |c $10.95 
035 |a (OCoLC)15548957 
035 |9 AAB2376AM 
040 |a DLC  |c DLC  |d m/c  |d TXA  |d UtOrBLW 
049 |a TXAM  |c [A11100789] 
050 0 0 |a Q175  |b .T485 1988 
082 0 |a 501  |2 19 
245 0 0 |a Theories of explanation /  |c edited by Joseph C. Pitt. 
263 |a 8802 
264 1 |a New York :  |b Oxford University Press,  |c 1988. 
300 |a 222 pages :  |b illustrations 
336 |a text  |b txt  |2 rdacontent 
337 |a unmediated  |b n  |2 rdamedia 
338 |a volume  |b nc  |2 rdacarrier 
504 |a Includes bibliographies. 
650 0 |a Science  |x Philosophy. 
650 0 |a Explanation. 
700 1 |a Pitt, Joseph C. 
999 |a MARS 
999 f f |s e370c3da-63ad-31fe-98da-a785cb05ce03  |i 7b384d34-59b4-3e29-8d05-25029f68eb0c  |t 0 
952 f f |p ric  |a Texas A&M University  |b Rellis Campus  |c Joint Library Facility  |d Remote Storage  |t 0  |e Q175 .T485 1988  |h Library of Congress classification  |i unmediated -- volume  |m A14811100789 
998 f f |a Q175 .T485 1988  |t 0  |l Remote Storage